Top 10 Countries with most Bicycles per Capita - Statistics

General Stats
  • This quiz has been taken 2,323 times
  • The average score is 8 of 10
Answer Stats
Hint Answer % Correct
1 Netherlands
94%
3 Germany
86%
9 Belgium
85%
2 Denmark
85%
4 Sweden
84%
5 Norway
82%
6 Finland
80%
10 China
67%
7 Japan
63%
8 Switzerland
58%
No matching quizzes found
Score Distribution
Percent of People with Each Score
Percentile by Number Answered
Your Score History
You have not taken this quiz